000 00312 a2200145 4500
001 121620
020 _a9781870946544
040 _cEscola Canadense de Niteroi
100 _aLloyd, Sue
245 1 0 _aJolly Phonics Workbook 4
362 0 _a1995
490 0 _aJolly Phonics
650 4 _aPhonics
942 _cBK
999 _c121620
_d121620